Powiaty województwa śląskiego II RP z mapą - Statystyki

Ogólne statystyki
  • Ten quiz został rozwiązany 34 razy
  • Średni wynik to 6 z 10
Odpowiedzi na mapie
Odpowiedzi zakodowano w zielono-czerwonej skali na mapie do tego quizu, zgodnie z poniższymi procentami.
 
Statystyki odpowiedzi
Powiat % Poprawnych
miasto {Katowice}
100%
cieszyński
78%
miasto {Chorzów}
78%
bielski
74%
rybnicki
74%
pszczyński
67%
lubliniecki
56%
tarnogórski
52%
katowicki
48%
frysztacki
15%
Nie znaleziono quizów pasujących do podanych kryteriów
Rozkład punktacji
Procent ludzi z każdym wynikiem
Percentyl według liczby udzielonych odpowiedzi
Twoja historia wyników
Nie rozwiązałeś tego quizu